000 01060nam a2200277Ia 4500
001 Para_3175
003 CHAP
008 220125s1987 xx 000 0 und d
010 _a201648
040 _cCHAP
090 _aPA TESIS 408
100 _aGalván Lamas, Roberto
_944521
245 _aEfecto de Globodera rostochiensis (Woll 1923). Mulvey y Stone 1976. (Nemátoda :
_b Heterodenidae) sobre seis variedades de papa Solanum tuberosum en invernadero /
_c Roberto Galván Lamas
260 _aChapingo, Méx. :
_b El autor
300 _a61 h.
502 _aTesis (Ing. Agr. Esp. en Parasitología Agrícola) -- UACh. Departamento de Parasitología Agrícola
650 _aPapa
_x Enfermedades por nemátodos Globodera rostochiensis Papa
_x Variedades Cultivos en invernadero
_9166559
710 _aUACh. Departamento de Parasitologia Agricola
_9115877
901 _aPA TESIS 408
902 _aA
905 _a0000001987 CHAa 0000000000 00
910 _a1987
942 _cPARA
942 _cPARA
_d1
999 _c201648
_d201648